[Event "Rheinland Pfalz op 5th"]
[Site "Worms"]
[Date "2013.06.02"]
[Round "7"]
[White "Herzog, Robert"]
[Black "Eberle, Tobias"]
[Result "1/2-1/2"]
[WhiteElo "1456"]
[BlackElo "1194"]
[PlyCount "94"]
[EventDate "2013.05.30"]
[EventType "swiss"]
[EventRounds "7"]
[EventCountry "GER"]
[SourceTitle "EXT 2014"]
[Source "ChessBase"]
[SourceDate "2013.11.20"]
[SourceVersion "1"]
[SourceVersionDate "2013.11.20"]
[SourceQuality "1"]

1. e4 e5 2. Nf3 Nc6 3. Nc3 Nf6 4. d3 Bb4 5. Bd2 d6 6. a3 Ba5 7. b4 Bb6 8. Be2 Bg4 9. b5 Ne7 10. Bg5 Ng6 11. Nd5 Ba5+ 12. Kf1 c6 13. bxc6 bxc6 14. Nxf6+ gxf6 15. Bd2 Bxd2 16. Qxd2 f5 17. h3 Bxf3 18. Bxf3 fxe4 19. dxe4 Rb8 20. g3 Rb2 21. Qc3 Qb6 22. Rd1 Ke7 23. Bh5 Rf8 24. Bg4 Rb8 25. Kg2 Nf8 26. Qd3 Qc5 27. Rd2 Ra2 28. Rhd1 Rd8 29. Rb1 Rxa3 30. Rb7+ Rd7 31. Rxd7+ Nxd7 32. Qe2 Qb5 33. Qd1 Qb4 34. Bf5 Nf6 35. f3 h6 36. h4 a5 37. g4 a4 38. g5 hxg5 39. hxg5 Nh5 40. Kh3 Ng7 41. Kg4 Rc3 42. g6 a3 43. gxf7 Kxf7 44. Rxd6 Nxf5 45. Kxf5 Rxf3+ 46. Kg5 Ke7 47. Rd7+ Ke6 1/2-1/2

[Event "Rheinland Pfalz op 5th"]
[Site "Worms"]
[Date "2013.06.01"]
[Round "6"]
[White "Eberle, Tobias"]
[Black "Denzer, Johannes"]
[Result "0-1"]
[WhiteElo "1194"]
[BlackElo "1478"]
[PlyCount "56"]
[EventDate "2013.05.30"]
[EventType "swiss"]
[EventRounds "7"]
[EventCountry "GER"]
[SourceTitle "EXT 2014"]
[Source "ChessBase"]
[SourceDate "2013.11.20"]
[SourceVersion "1"]
[SourceVersionDate "2013.11.20"]
[SourceQuality "1"]

1. e4 c5 2. d4 cxd4 3. Qxd4 Nc6 4. Qd1 g6 5. Nf3 Bg7 6. Nc3 d6 7. Bb5 Bd7 8. 0-0 Nf6 9. Re1 a6 10. Bd3 Rc8 11. Rb1 Qc7 12. Bg5 e6 13. Bxf6 Bxf6 14. a3 0-0 15. Ne2 Rfd8 16. c4 Ne7 17. b3 d5 18. exd5 exd5 19. cxd5 Nxd5 20. Rc1 Qa5 21. a4 Bg4 22. Be4 Nc3 23. Qc2 Re8 24. Nxc3 Bxc3 25. Re3 Bd4 26. Qxc8 Bxc8 27. Nxd4 Qd2 28. Ne2 Bg4 0-1

[Event "Rheinland Pfalz op 5th"]
[Site "Worms"]
[Date "2013.05.31"]
[Round "3"]
[White "Geisert, Bernd"]
[Black "Eberle, Tobias"]
[Result "1/2-1/2"]
[WhiteElo "1661"]
[BlackElo "1194"]
[PlyCount "49"]
[EventDate "2013.05.30"]
[EventType "swiss"]
[EventRounds "7"]
[EventCountry "GER"]
[SourceTitle "EXT 2014"]
[Source "ChessBase"]
[SourceDate "2013.11.20"]
[SourceVersion "1"]
[SourceVersionDate "2013.11.20"]
[SourceQuality "1"]

1. d4 d5 2. Nf3 e6 3. e3 c6 4. Be2 Nf6 5. 0-0 b6 6. c4 Bb7 7. Nc3 Be7 8. a3 a5 9. Qa4 dxc4 10. Qxc4 Ba6 11. Qa2 Bxe2 12. Nxe2 a4 13. b4 axb3 14. Qxb3 c5 15. Qb5+ Nfd7 16. Bb2 Ra5 17. Qb3 0-0 18. d5 exd5 19. Qxd5 Nf6 20. Qxd8 Rxd8 21. Be5 Ra7 22. Nc3 Bd6 23. Nb5 Bxe5 24. Nxe5 Nbd7 25. Nxa7 1/2-1/2

[Event "Rheinland Pfalz op 5th"]
[Site "Worms"]
[Date "2013.05.30"]
[Round "2"]
[White "Eberle, Tobias"]
[Black "Jarszyk, Thomas"]
[Result "0-1"]
[WhiteElo "1194"]
[BlackElo "1695"]
[PlyCount "34"]
[EventDate "2013.05.30"]
[EventType "swiss"]
[EventRounds "7"]
[EventCountry "GER"]
[SourceTitle "EXT 2014"]
[Source "ChessBase"]
[SourceDate "2013.11.20"]
[SourceVersion "1"]
[SourceVersionDate "2013.11.20"]
[SourceQuality "1"]

1. e4 b6 2. d4 Bb7 3. Nc3 e6 4. Nf3 Nf6 5. Bd3 Be7 6. 0-0 d6 7. Be3 Nbd7 8. Re1 c5 9. dxc5 Nxc5 10. Bb5+ Ncd7 11. Bg5 0-0 12. e5 dxe5 13. Nxe5 Nxe5 14. Rxe5 Qc7 15. Re2 Ng4 16. Bxe7 Qxh2+ 17. Kf1 Qh1# 0-1